Class struggles in Zambia 1889-1989 and the fall of Kenneth Kaunda, 1990-1991 (Record no. 37532)

MARC details
000 -LEADER
fixed length control field 00557nam a2200145 a 4500
008 - FIXED-LENGTH DATA ELEMENTS--GENERAL INFORMATION
fixed length control field 120416s1992 ||||||||||||||||| || u
020 ## - INTERNATIONAL STANDARD BOOK NUMBER
International Standard Book Number 0819187410
050 ## - LIBRARY OF CONGRESS CALL NUMBER
Classification number HD 8803 Ham
100 ## - MAIN ENTRY--PERSONAL NAME
Personal name Hamalengwa, Munyonzwe
245 10 - TITLE STATEMENT
Title Class struggles in Zambia 1889-1989 and the fall of Kenneth Kaunda, 1990-1991
260 ## - PUBLICATION, DISTRIBUTION, ETC.
Place of publication, distribution, etc. Lanham, Maryland
Name of publisher, distributor, etc. University Press of America
Date of publication, distribution, etc. 1992
300 ## - PHYSICAL DESCRIPTION
Extent (v), 182p.
350 ## - PRICE (NR) (BK AM CF MU VM SE) [OBSOLETE]
Price 0.00
995 ## - RECOMMENDATION 995 [LOCAL, UNIMARC FRANCE]
-- 0.00
-- CBU-MAIN LIBRARY (Kitwe)
-- 1
-- 38.50
-- 1
-- AVAILABLE
-- Zambiana Collection
Holdings
Withdrawn status Lost status Source of classification or shelving scheme Damaged status Not for loan Home library Current library Shelving location Date acquired Total Checkouts Full call number Barcode Date last seen Price effective from Koha item type
          CBU-MAIN LIBRARY, KITWE. CBU-MAIN LIBRARY, KITWE.   11/30/2022   HD 8803 Ham 018712 11/30/2022 11/30/2022 MONOGRAPH